| 000 | 00465nam a2200121Ia 4500 | ||
|---|---|---|---|
| 008 | 160712s9999 xx 000 0 und d | ||
| 100 | _aCinco, Jesus Jr. C. | ||
| 245 |
_cJesus Jr. C. Cinco _aPhilippine Open Pit Copper Operations: Enhancing Operational Efficiency through Value Chain Analysis |
||
| 260 |
_c2014 _bPhilippine Management Review |
||
| 300 | _avol. 21 | ||
| 650 | _xMANAGEMENT | ||
| 856 | _uhttp://journals.upd.edu.ph/index.php/pmr/issue/view/420/showToc | ||
| 999 |
_c297207 _d297207 |
||